Italian Region Flags - Statistics

General Stats
  • This quiz has been taken 245 times
  • The average score is 15 of 20
Answer Stats
Picture Answer % Correct
Calabria
96%
Lazio
93%
Sicily
93%
Molise
91%
Apulia
90%
Emilia-Romagna
89%
Sardinia
89%
Lombardy
82%
Veneto
79%
Tuscany
72%
Piedmont
71%
Marche
66%
Liguria
65%
Trentino-South Tyrol
65%
Aosta Valley
64%
Basilicata
64%
Campania
63%
Abruzzo
61%
Umbria
57%
Friuli-Venezia Giulia
55%
No matching quizzes found
Score Distribution
Percent of People with Each Score
Percentile by Number Answered
Your Score History
You have not taken this quiz